Complicated cases need a response time (Record no. 76021)

MARC details
000 -LEADER
fixed length control field 01350cab a2200193 4500
001 - CONTROL NUMBER
control field ##L131282
008 - FIXED-LENGTH DATA ELEMENTS--GENERAL INFORMATION
fixed length control field 051017n2005 000 0 eng u
035 ## - SYSTEM CONTROL NUMBER
System control number (Sirsi) u131282
041 0# - LANGUAGE CODE
Language code of text/sound track or separate title eng
100 1# - MAIN ENTRY--PERSONAL NAME
Personal name Atkinson, Daniel
245 00 - TITLE STATEMENT
Title Complicated cases need a response time
260 ## - PUBLICATION, DISTRIBUTION, ETC.
Date of publication, distribution, etc. 2005
490 #0 - SERIES STATEMENT
Series statement Construction News
Volume/sequential designation (6936) 29 September 2005, 17(1)
520 ## - SUMMARY, ETC.
Summary, etc. Discusses the implications for adjudicators and arbitrators in the construction industry of the HC decision in "Cameroon Airlines v Transnet Ltd" ([2004] EWHC 1829 (Comm), unreported). C appealed from a decision by an arbitration tribunal, which had been based upon a matter introduced for the first time in T's closing submission, and which had not previously been raised by either party. The appeal was allowed, on the basis that the tribunal had acted unfairly by not giving C an opportunity of addressing it on the matter raised, thereby causing substantial injustice. The case shows that it is vital for arbitrators to adopt a method of valuation to which all parties have an opportunity to respond, no matter how sensible another method may seem.
590 ## - LOCAL NOTE (RLIN)
Local note IKA251005
650 24 - SUBJECT ADDED ENTRY--TOPICAL TERM
Topical term or geographic name entry element CAMEROON AIRLINES V TRANSNET LTD
690 ## - LOCAL SUBJECT ADDED ENTRY--TOPICAL TERM (OCLC, RLIN)
Topical term or geographic name as entry element MANAGEMENT-DISPUTE AVOIDANCE, MANAGEMENT AND RESOLUTION-DISPUTE MANAGEMENT AND RESOLUTION-ARBITRATION-ARBITRATORS
942 ## - ADDED ENTRY ELEMENTS (KOHA)
Suppress in OPAC 0
Holdings
Withdrawn status Lost status Source of classification or shelving scheme Damaged status Not for loan Home library Current library Shelving location Date acquired Total Checkouts Full call number Barcode Date last seen Copy number Price effective from Koha item type
    Dewey Decimal Classification     London London Journal article 17/10/2005   L131282 131282-1001 06/08/2019 1 06/08/2019 Journal article